书目信息 |
| 题名: |
微反应器在有机合成及催化中的应用
|
|
| 作者: | 沃思 主编 ;赵东波 译 | |
| 分册: | ||
| 出版信息: | 北京 化学工业出版社 2012.10 |
|
| 页数: | 242页 | |
| 开本: | 24cm | |
| 丛书名: | ||
| 单 册: | ||
| 中图分类: | TQ2 | |
| 科图分类: | ||
| 主题词: | 反应器--应用--有机化工--催化 , 反应器--应用--有机化工--有机合成 | |
| 电子资源: | ||
| ISBN: | 978-7-122-14421-8 | |
| 000 | 01647nam0 2200289 45 | |
| 001 | 1360109796 | |
| 005 | 20130530155025.51 | |
| 010 | @a978-7-122-14421-8@dCNY79.00 | |
| 100 | @a20130513d2012 em y0chiy0121 ea | |
| 101 | 1 | @achi@ceng |
| 102 | @aCN@b110000 | |
| 105 | @aak a 000yy | |
| 106 | @ar | |
| 200 | 1 | @a微反应器在有机合成及催化中的应用@AWei Fan Ying Qi Zai You Ji He Cheng Ji Cui Hua Zhong De Ying Yong@f(英) 托马斯·沃思主编@F( Ying ) Tuo Ma Si· Wo Si Zhu Bian@g赵东波译 |
| 210 | @a北京@c化学工业出版社@d2012.10 | |
| 215 | @a242页@c图@d24cm | |
| 312 | @a英文题名原文取自版权页 | |
| 320 | @a有书目 | |
| 330 | @a本书为WILEY-VCH出版社“Microreactors in Organic Synthesis and Catalysis”一书的中译本。该书首次在化学反应和化学工程的交叉领域全面系统地总结了微反应技术在有机合成和催化中的应用进展; 不仅深入浅出地介绍了微反应技术的背景资料, 而且分章节系统阐述了微反应技术在不同有机反应类型中的发展和在工业应用中的最新进展。前三章主要介绍了适合有机合成和催化的微反应器的制作、微反应器的使用及性能特点, 并总结了当前的应用领域以及将来广阔的应用前景。本书的其他章节利用非常大的篇幅总结并列举了微反应器在有机合成和催化反应各个方面的研究应用情况, 如均相反应 (金属催化处理及光化学转变等)、非均相反应 (固载试剂和催化剂等)、液-液两相反应、气-液两相反应、生物有机反应以及连续生产工艺的工业应用。 | |
| 500 | 10 | @aMicroreactors in organic synthesis and catalysis@mChinese |
| 606 | 0 | @a反应器@x应用@x有机化工@x催化 |
| 606 | 0 | @a反应器@x应用@x有机化工@x有机合成 |
| 690 | @aTQ2@v5 | |
| 701 | 1 | @a沃思@AWo Si@g(Wirth, Thomas)@4主编 |
| 702 | 0 | @a赵东波@AZhao Dong Bo@4译 |
| 801 | @aCN@bTANGWEI@c20130522 | |
| 905 | @b0834410-12@dTQ2@e27@f3 | |
| 微反应器在有机合成及催化中的应用/(英) 托马斯·沃思主编/赵东波译.-北京:化学工业出版社,2012.10 |
| 242页:图;24cm |
| ISBN 978-7-122-14421-8:CNY79.00 |
| 本书为WILEY-VCH出版社“Microreactors in Organic Synthesis and Catalysis”一书的中译本。该书首次在化学反应和化学工程的交叉领域全面系统地总结了微反应技术在有机合成和催化中的应用进展; 不仅深入浅出地介绍了微反应技术的背景资料, 而且分章节系统阐述了微反应技术在不同有机反应类型中的发展和在工业应用中的最新进展。前三章主要介绍了适合有机合成和催化的微反应器的制作、微反应器的使用及性能特点, 并总结了当前的应用领域以及将来广阔的应用前景。本书的其他章节利用非常大的篇幅总结并列举了微反应器在有机合成和催化反应各个方面的研究应用情况, 如均相反应 (金属催化处理及光化学转变等)、非均相反应 (固载试剂和催化剂等)、液-液两相反应、气-液两相反应、生物有机反应以及连续生产工艺的工业应用。 |
| ● |
| 相关链接 |
|
|
|
|
正题名:微反应器在有机合成及催化中的应用
索取号:TQ2/27
 
预约/预借
| 序号 | 登录号 | 条形码 | 馆藏地/架位号 | 状态 | 备注 |
| 1 | 0834410 | 208344102 | 第二样本阅览室/ [索取号:TQ2/27] | 在馆 | |
| 2 | 0834411 | 208344111 | 密集书库-化学系/ [索取号:TQ2/27] | 在馆 | |
| 3 | 0834412 | 208344120 | 第三借阅区/ [索取号:TQ2/27] | 在馆 |